000 00506nam a2200157 a 4500
001 000046389
005 20201002052833.0
008 150806s1999 dr a 000 0 spa d
040 _aDO-SdBNP
_bspa
_cBNPHU
082 _axxxx
_bxxxx
100 1 _aGarcía, Alexis,
_d1968-
_974416
245 1 0 _aPalabras calladas /
_cAlexis García.
260 _aSanto Domingo :
_bGráficas Itesa,
_c1999.
300 _a39 p. :
_bil. ;
_c22 cm.
500 _aIncluye datos biográficos del autor en la solapa de la contracubierta
999 _c45878
_d45878